005010000a22001570004500060000800000082002000008100001700028245005000045260005900095260000900154300000800163650002800171942000700199999001900206952011800225 a100 a582.130 433 MAH aMaheswari, P aIntroduction to the Embryology of Angiosperms aBombay, Tata mc graw - hill publishing company limited c1950 a453 aAngiosperms / Embrylogy cBK c351788d351788 00104070aKAUCOAVbKAUCOAVd2014-05-02l0o582.130 433 MAHpKAU_COAV-11355r2014-05-02 00:00:00w2014-05-02yBK